| 000 | 01459cam a2200397 a 4500 | ||
|---|---|---|---|
| 999 |
_c7497 _d7497 |
||
| 001 | 991047101529706706 | ||
| 003 | OSt | ||
| 005 | 20211203124032.0 | ||
| 008 | 121210s2012 spca||| |||| 000 0 spa|c | ||
| 020 | _a9788483078808 | ||
| 035 | _a(ES-BaCBU)b53896452-34csuc_network | ||
| 035 | _a(ES-BaCBU).b53896452 | ||
| 035 | _a(ccuc001)b53896452 | ||
| 035 | _a(OCoLC)1120406244 | ||
| 040 |
_aES-BaCBU _bcat _cCDMR |
||
| 100 | 1 | _aSerrano, Pascual. | |
| 245 | 1 | 0 |
_aDesinformación : _bcómo los medios ocultan el mundo / _cPascual Serrano ; prólogo de Ignacio Ramonet |
| 250 | _a2ª ed., rev. por el autor | ||
| 260 |
_aBarcelona : _bPenínsula, _c2012 |
||
| 300 |
_a618 p., [8] p. de làm. : _bil. col. ; _c23 cm |
||
| 490 | 1 |
_aAtalaya ; _v347 |
|
| 504 | _aBibliografia | ||
| 650 | 7 |
_aDesinformació _2lemac |
|
| 650 | 7 |
_aConflictes ètnics _xCobertura periodística. _2lemac |
|
| 650 | 7 |
_aConflictes socials _xCobertura periodística. _2lemac |
|
| 650 | 7 |
_aPolítica mundial _xCobertura periodística. _2lemac |
|
| 650 | 7 |
_aMitjans de comunicació de massa _xAspectes polítics _2lemac |
|
| 650 | 4 |
_aMitjans de comunicació de massa _xManipulació |
|
| 650 | 7 |
_aMitjans de comunicació de massa _xObjectivitat _2lemac |
|
| 700 | 1 |
_aRamonet, Ignacio _91519 |
|
| 830 | 0 |
_aAtalaya (Ediciones Península) ; _v347 |
|
| 907 |
_a.b53896452 _b11-12-19 _c10-12-12 _d10-12-12 _em _fa _g- _hspa _ispc _j0 _k0 |
||
| 908 | _aUAB | ||
| 940 | _aCVA7 | ||
| 942 |
_2udc _cMON |
||